|
|
|
|
| LEADER |
00000nam a2200000 a 4500 |
| 001 |
UCX0573 |
| 003 |
CL-VaPUC |
| 008 |
891113e19810000SP |||||||||||||||||spa|d |
| 082 |
0 |
4 |
|a 248
|b LOP
|2 21
|
| 100 |
|
|
|a López Castellote, Pau
|e autor
|9 315985
|
| 245 |
1 |
4 |
|a Los cristianos y la educación de los hijos
|
| 300 |
|
|
|a 240 p
|
| 942 |
|
|
|c BK
|
| 945 |
|
|
|d 19891113 00:00:00
|
| 260 |
|
|
|a Barcelona
|b Ceac
|c 1981
|
| 650 |
|
7 |
|a EDUCACION CRISTIANA
|2 CL-VaPUC
|9 308333
|
| 650 |
|
0 |
|a Niños
|9 255605
|
| 650 |
|
0 |
|a Vida cristiana
|9 258753
|
| 583 |
|
|
|a last modification
|c 20170905 01:46:14
|k Rodrigo Vera
|
| 999 |
|
|
|c 222129
|d 222127
|
| 952 |
|
|
|0 0
|1 0
|4 0
|6 248_000000000000000_LOP_1981
|7 0
|8 A
|9 216412
|a BIBTEO
|b BIBTEO
|d 2019-11-15
|i 2850508
|o 248 LOP 1981
|p 2850508
|r 2025-01-17
|w 2019-11-15
|y BK
|k ICR
|